000 00333nam a2200121Ia 4500
008 220214s9999 xx 000 0 und d
245 0 _aIndian and foreign review
260 _bIndian and Foreign Review
_aNew Delhi
310 _aF
500 _aEnding Volume & Year: 15, 1977
500 _aStarting Volume & Year: 1, 1963
942 _cBJ
999 _c1711
_d1711